Statistics for World Capitals Closest to Tokyo

Click here to take the quiz!

General Stats

  • This quiz has been taken 1,758 times
    (1,706 since last reset)
  • The average score is 13 of 21

Answer Stats

kmcapitalmiles% Correct
2095Beijing1302
98%
1155Seoul717
98%
1286Pyongyang799
94%
2105Taipei1308
89%
2999Manila1863
88%
3673Hanoi2282
87%
4610Bangkok2865
85%
3011Ulaanbaatar1871
68%
4413Phnom Penh2742
64%
4144Vientiane2575
64%
4891Dhaka3039
52%
5087Port Moresby3161
50%
5144Dili3196
46%
4783Thimphu2972
42%
4604Naypyidaw2861
39%
3181Ngerulmud1977
34%
3716Palikir2309
34%
5144Tarawa3196
33%
4533Majuro2817
32%
4923Yaren3059
32%
4266Bandar Seri Begawan2651
30%

Score Distribution

Percentile by Number Answered

Percent of People with Each Score

Your Score History

You have not taken this quiz since the last reset